Central Library OPAC University of Rajshahi

Developmental neuropsychiatry / (Record no. 66623)

MARC details
000 -LEADER
fixed length control field 01049nam a2200313 a 4500
001 - CONTROL NUMBER
control field 66623
003 - CONTROL NUMBER IDENTIFIER
rucl marc code BD-RjUL
005 - DATE AND TIME OF LATEST TRANSACTION
control field 20211209081548.0
008 - FIXED-LENGTH DATA ELEMENTS--GENERAL INFORMATION
fixed length control field 170318s1983 nyu b 001 0 eng
020 ## - INTERNATIONAL STANDARD BOOK NUMBER
International Standard Book Number 0898626218
035 ## - SYSTEM CONTROL NUMBER
System control number (BD-RjUL)66753
040 ## - CATALOGING SOURCE
Original cataloging agency DLC
Transcribing agency DLC
Modifying agency DLC
-- BD-RjUL
Language of cataloging eng
041 ## - LANGUAGE CODE
Language code of text/sound track or separate title eng
060 ## - NATIONAL LIBRARY OF MEDICINE CALL NUMBER
Classification number WS 350.6 D489206
082 00 - DEWEY DECIMAL CLASSIFICATION NUMBER
Classification number 618.928589
Edition number 23
Author mark and year DEV 1983
245 00 - TITLE STATEMENT
Title Developmental neuropsychiatry /
Statement of responsibility, etc. edited by Michael Rutter.
260 ## - PUBLICATION, DISTRIBUTION, ETC. (IMPRINT)
Place of publication, distribution, etc. New York :
Name of publisher, distributor, etc. Guilford Press,
Date of publication, distribution, etc. c1983.
300 ## - PHYSICAL DESCRIPTION
Pagination xiii, 632 p. :
Illustrations ill. ;
Size 26 cm.
504 ## - BIBLIOGRAPHY, ETC. NOTE
Bibliography, etc Includes bibliographies and indexes.
650 #0 - SUBJECT ADDED ENTRY--TOPICAL TERM
Topical term or geographic name as entry element Brain-damaged children.
9 (RLIN) 196879
Topical term or geographic name as entry element Minimal brain dysfunction in children.
9 (RLIN) 197242
Topical term or geographic name as entry element Pediatric neuropsychiatry.
9 (RLIN) 197243
Topical term or geographic name as entry element Brain damage, Chronic
General subdivision In infancy and childhood.
9 (RLIN) 196881
Topical term or geographic name as entry element Child development disorders.
9 (RLIN) 197244
Topical term or geographic name as entry element Hyperkinetic syndrome.
9 (RLIN) 197245
Topical term or geographic name as entry element Learning disorders.
9 (RLIN) 196882
700 1# - ADDED ENTRY--PERSONAL NAME
Personal name Rutter, Michael,
Dates associated with a name 1933-
942 ## - ADDED ENTRY ELEMENTS (KOHA)
Source of classification or shelving scheme Dewey Decimal Classification
Koha item type Books
Holdings
Lost status Source of classification or shelving scheme Damaged status Not for loan Collection code Permanent Location Current Location Shelving location Date acquired Source of acquisition Total Checkouts Full call number Date last seen Copy number Koha item type
  Dewey Decimal Classification   Not For Loan Non-fiction Central Library, University of Rajshahi Central Library, University of Rajshahi Reading Room 06/06/1990 Asia Foundation   618.928589 DEV 1983 18/03/2017 C-1 Books